Normal view MARC view

Entry Personal Name

Number of records used in: 1

001 - CONTROL NUMBER

  • control field: 8998

003 - CONTROL NUMBER IDENTIFIER

  • control field: DLC

005 - DATE AND TIME OF LATEST TRANSACTION

  • control field: 20220106142733.0

008 - FIXED-LENGTH DATA ELEMENTS

  • fixed length control field: 140922n| azannaabn |a aaa

010 ## - LIBRARY OF CONGRESS CONTROL NUMBER

  • LC control number: n 2014058556
  • Canceled/invalid LC control number: n 85821216

035 ## - SYSTEM CONTROL NUMBER

  • System control number: (CaEvSKY)skya10586497

040 ## - CATALOGING SOURCE

  • Original cataloging agency: DLC
  • Language of cataloging: eng
  • Description conventions: rda
  • Transcribing agency: DLC
  • Modifying agency: DLC
  • Modifying agency: MX-MoT

100 1# - HEADING--PERSONAL NAME

  • Personal name: Stephenson, Frank H.

373 ## - ASSOCIATED GROUP

  • Associated group: University of California, San Francisco. School of Medicine
  • Associated group: University of California, Berkeley
  • Source of term: naf

375 ## - GENDER

  • Gender: Males
  • Source of term: lcdgt

377 ## - ASSOCIATED LANGUAGE

  • Language code: eng

378 ## - FULLER FORM OF PERSONAL NAME

  • Fuller form of personal name: Frank Harold

400 1# - SEE FROM TRACING--PERSONAL NAME

  • Control subfield: nne
  • Personal name: Stephenson, Frank Harold

670 ## - SOURCE DATA FOUND

  • Source citation: A hands-on introduction to forensic science, 2014:
  • Information found: eCIP t.p. (Frank H. Stephenson)

670 ## - SOURCE DATA FOUND

  • Source citation: A hands-on introduction to forensic science, 2019:
  • Information found: eCIP t.p. (Frank H. Stephenson) data view screen (PhD in molecular biology from UC Berkeley and performed postgraduate work at UC San Francisco Medical School; spent several years with Berlex Biosciences as a senior research scientist prior to joining the Technical Training Department at Life Technologies, where he teaches forensics, DNA sequencing, and real-time PCR)

670 ## - SOURCE DATA FOUND

  • Source citation: nuc85-65419: His Negative regulation in the bacteriophage lambda, 1983
  • Information found: (hdg. on CU rept.: Stephenson, Frank Harold; usage: Frank Harold Stephenson)

670 ## - SOURCE DATA FOUND

  • Source citation: Calculations for molecular biology and biotechnology, c2003:
  • Information found: t.p. (Frank H. Stephenson)

670 ## - SOURCE DATA FOUND

  • Source citation: Cálculo en biología molecular y biotecnología: guía de matemáticas para el laboratorio, 2012:
  • Information found: title page (Frank H. Stephenson)

Powered by Koha